| 000 | 01449nam a22002057a 4500 | ||
|---|---|---|---|
| 999 |
_c59466 _d59466 |
||
| 003 | Ge_BSU | ||
| 005 | 20230224151751.0 | ||
| 008 | 230224s1971 ge ||||| |||| 00| 0 geo d | ||
| 041 | _ageo | ||
| 080 | _a343.346.2 ც-92 | ||
| 100 |
_aცუცქირიძე, გიორგი _917038 |
||
| 245 |
_aსისხლის სამართლის პასუხისმგებლობა მოძრაობის უსაფრთხოებისა და ტრანსპორტის ექსპლოატაციის წესების დარღვევისათვის : _bავტოტრანსპორტი და ქალაქის ელექტროტრანსპორტი / _cგიორგი ცუცქირიძე. |
||
| 264 |
_aთბილისი : _bსაბჭ. საქართველო, _c1971. |
||
| 300 |
_a321 გვ. : _bილ. ; _c21 სმ. |
||
| 653 | _aმოძრაობის უსაფრთხოების წესების დარღვევა | ||
| 653 | _aსისხლის სამართლის პასუხისმგებლობა. | ||
| 653 | _aტრანსპორტის ექსპლოატაციის წესების დარღვევა | ||
| 653 | _aსისხლის სამართლის პასუხისმგებლობა. | ||
| 942 |
_2udc _cBK |
||